Arquitectura e historia en Costa Rica: templos parroquiales en el Valle Central, Grecia, San Ramón y Palmares (Registro nro. 1691)
[ vista simple ]
| 000 -Cabecera | |
|---|---|
| Campo de control de longitud fija | 00689aam a2200253 4500 |
| 005 - Fecha y hora de la última transacción | |
| Campo de control | 20240430144207.0 |
| 008 - Elementos de longitud fija--Información general | |
| Campo de control de longitud fija | 150713b xxu||||| |||| 00| 0 spa d |
| 020 ## - International Standard Book Number | |
| Número Internacional Estándar del Libro (ISBN) | 9977676437 |
| 041 ## - Idioma | |
| Código de idioma | Español |
| 082 ## - Clasificación Decimal Dewey | |
| Número de clasificación | 726.509.728.6 S228a |
| 100 ## - Entrada principal--Autor personal | |
| Nombre personal | Sanou Alfaro, Ofelia María |
| 245 ## - Título propiamente dicho | |
| Título | Arquitectura e historia en Costa Rica: templos parroquiales en el Valle Central, Grecia, San Ramón y Palmares |
| 260 ## - Pie de imprenta | |
| Lugar de publicación, distribución, etc. | Costa Rica |
| 260 ## - Pie de imprenta | |
| Nombre del editor, distribuidor, etc. | EUCR |
| 260 ## - Pie de imprenta | |
| Fecha de publicación, distribución, etc. | 2001 |
| 300 ## - Descripción física | |
| Extensión | 296 páginas |
| 650 ## - Materia general | |
| Temática (materia general) | ARQUITECTURA COSTARRICENSE |
| 650 ## - Materia general | |
| Temática (materia general) | IGLESIAS CATÓLICAS |
| 650 ## - Materia general | |
| Temática (materia general) | SAN RAMÓN |
| 650 ## - Materia general | |
| Temática (materia general) | GRECIA |
| 650 ## - Materia general | |
| Temática (materia general) | PALMARES |
| 942 ## - Punto de acceso adicional KOHA | |
| Tipo de ítem KOHA | Libro |
| Fuente del sistema de clasificación o colocación | Dewey Decimal Classification |
| Signatura completa | Código de barras | Programa Académico | Tipo de ítem |
|---|---|---|---|
| 726.509.728.6 S228a | 10897 | Dirección de Educación Comunitaria y Asistencia Técnica | Libro |